Name the Top 4 for every Eredivisie Season - Statistics

General Stats
  • This quiz has been taken 100 times
  • The average score is 13 of 23
Answer Stats
Answer % Correct
AFC Ajax
100%
PSV Eindhoven
98%
Feyenoord
95%
AZ
93%
FC Utrecht
85%
FC Twente
79%
Vitesse
74%
Sparta Rotterdam
62%
Willem II
60%
NAC Breda
59%
Roda JC
48%
ADO Den Haag
47%
FC Groningen
46%
Fortuna '54
44%
Go Ahead Eagles
44%
MVV Maastricht
44%
sc Heerenveen
42%
DWS
32%
Haarlem
32%
VVV Venlo
32%
DOS
25%
Blauw Wit
8%
Rapid JC
7%
No matching quizzes found
Score Distribution
Percent of People with Each Score
Percentile by Number Answered
Your Score History
You have not taken this quiz